Kinder Chocolate - Statistics

General Stats
  • This quiz has been taken 92 times
  • The average score is 5 of 13
Answer Stats
Hint Answer % Correct
A duo set of chocolate wafer bars containing a hazelnut cream filling. Bueno
93%
Hollow milk chocolate egg shell containing a toy. Surprise
76%
Larger version of the Kinder Chocolate. Maxi
64%
Similar in shape to the Kinder Surprise, it has a plastic egg-shaped packaging that is internally divided into two halves. Joy
52%
A chocolate cake with a layer of milk inside and a milk chocolate covering. Delice
48%
Similar to the Kinder Chocolate, containing small pieces of cereal and grain within the chocolate filling, as well as a wafer casing. Country
45%
Biscuits with chocolate on top and creamy milk and cocoa fillings. Cards
38%
Similar to Kinder Delice with the exception of a complete chocolate covering and more milky filling inside. Pinguì
36%
Small milk chocolate eggs, with a hazelnut and white chocolate filling. Choco Bons
26%
Two-layered chocolate bar. In the bottom, a layer of hazelnut cream then, a whipped cream base, then its coated with pure chocolate. ChocoFresh
12%
A wafer coated hippo-shaped biscuit, filled with both a white filling and a hazelnut filling. Happy Hippos
10%
A chocolate sponge cake that has a creamy, milky filling in the middle. Milk Slice
10%
A milk cake with a layer of caramel inside and a hazelnut chocolate covering. Maxi King
7%
No matching quizzes found
Score Distribution
Percent of People with Each Score
Percentile by Number Answered
Your Score History
You have not taken this quiz